000 00613nam a2200229Ia 4500
003 OSt
005 20220924152547.0
006 a|||||r|||| 00| 0
007 ta
008 220923b |||||||| |||| 00| 0 mar d
024 _a343107
037 _cTextual
040 _aARTS
_cARTS
_bmar
041 _2mar
_amar
082 _aV235:1-8.L9, 155G7
100 _aJoshi Sankar Purshotam
_9226985
245 0 _aMarathyacha satycha utreykdeel vistaar
260 _c1937
650 _aHISTORY
942 _hV235:1-8.L9, 155G7
_cTEXL
_2CC
999 _c470236
_d470236